Care Bear names Quiz Stats

 Plays Quiz not verified by Sporcle

Challenge
Share
Tweet
Embed
Score 0/30 Timer 10:00
0 Plays Today
% Correct
Grumpy Bear
78.8%
Good Luck Bear
73.1%
Cheer Bear
69.7%
Tenderheart Bear
66.8%
Funshine Bear
63.9%
Share Bear
63.5%
Bedtime Bear
61.5%
Wish Bear
58.7%
Love a Lot Bear
55.3%
Friend Bear
53.4%
Birthday Bear
51.9%
Baby Hugs
50%
Baby Tugs
48.6%
Champ Bear
48.6%
Secret Bear
41.8%
% Correct
Grams Bear
40.9%
Harmony Bear
40.4%
True Heart Bear
32.2%
Surprise Bear
29.3%
Daydream Bear
27.9%
Oopsy Bear
26%
Take Care Bear
25.5%
Laugh a Lot Bear
25%
Best Friend Bear
23.6%
Thanks a Lot Bear
20.2%
Do Your Best Bear
19.7%
Bashful Heart Bear
19.2%
Smart Heart Bear
18.3%
Sweet Dreams Bear
17.8%
Hopeful Heart Bear
16.8%

You're not logged in!

Compare scores with friends on all Sporcle quizzes.
OR
Log In

You Might Also Like...

Show Comments

Extras

Created Sep 26, 2009ReportNominate
Tags:bear, care, Care Bears

Top Quizzes Today


Score Distribution

Your Account Isn't Verified!

In order to create a playlist on Sporcle, you need to verify the email address you used during registration. Go to your Sporcle Settings to finish the process.

Report this User

Report this user for behavior that violates our Community Guidelines.

Details: